Guess the Fusion Rock Song Lyrics #11 - Statistics

General Stats
  • This quiz has been taken 18 times
  • The average score is 183 of 249
Answer Stats
Answer % Correct
we
100%
a
91%
all
91%
All
91%
are
91%
be
91%
could
91%
I
91%
in
91%
is
91%
my
91%
of
91%
so
91%
that
91%
the
91%
to
91%
When
91%
when
91%
where
91%
You
91%
you
91%
and
82%
And
82%
by
82%
gone
82%
live
82%
need
82%
one
82%
they
82%
things
82%
away
73%
But
73%
head
73%
here
73%
I'm
73%
life
73%
say
73%
time
73%
why
73%
Bob Welch
64%
Cause
64%
come
64%
Come
64%
from
64%
I've
64%
lady
64%
look
64%
Sentimental
64%
sentimental
64%
that's
64%
wanted
64%
will
64%
with
64%
Yes
64%
again
55%
far
55%
our
55%
said
55%
very
55%
warm
55%
you'd
55%
merry
45%
rushing
45%
together
45%
Blowing
36%
falls
36%
Fourteen
36%
gentle
36%
joys
36%
lives
36%
meaning
36%
Ooh
36%
through
36%
traveled
36%
wind
36%
splinters
18%
No matching quizzes found
Score Distribution
Percent of People with Each Score
Percentile by Number Answered
Your Score History
You have not taken this quiz